书目信息 |
| 题名: |
跨文化侵越
|
|
| 作者: | 赫曼斯 编 | |
| 分册: | ||
| 出版信息: | 外语教研 2007.01 |
|
| 页数: | 215页 | |
| 开本: | 20cm | |
| 丛书名: | ||
| 单 册: | ||
| 中图分类: | H059-53 | |
| 科图分类: | ||
| 主题词: | 翻译 | |
| 电子资源: | ||
| ISBN: | 978-7-5600-6187-0 | |
| 000 | 00603nam0 2200229 45 | |
| 001 | 0939044114 | |
| 005 | 20091021105514.89 | |
| 010 | @a978-7-5600-6187-0@dCNY23.90 | |
| 100 | @a20090515d2007 ekmy0 y0120 ea | |
| 102 | @aCN@b130000 | |
| 102 | @aCN@b110000 | |
| 105 | @ay z 000yy | |
| 200 | 1 | @a跨文化侵越@f(比)赫曼斯编@F(bi)he man si bian |
| 210 | @c外语教研@d2007.01 | |
| 210 | @a北京@c外语教学与研究出版社 | |
| 215 | @a215页@d20cm | |
| 606 | 0 | @a翻译 |
| 690 | @aH059-53@v4 | |
| 701 | 0 | @a赫曼斯@Ahe man si@4编 |
| 801 | 0 | @aCN@c20091021 |
| 905 | @a10447@dH059-53@eH330 | |
| 906 | @d24@n2@r1 | |
| 跨文化侵越/(比)赫曼斯编.-外语教研,2007.01.-北京:外语教学与研究出版社 |
| 215页;20cm |
| ISBN 978-7-5600-6187-0:CNY23.90 |
| ● |
| 相关链接 |
|
|
|
正题名:跨文化侵越
索取号:H059-53/H330
 
预约/预借
| 序号 | 登录号 | 条形码 | 馆藏地/架位号 | 状态 | 备注 |
| 1 | 896500 | 208965002 | 语言库209/209语言库 68排1列2层/ [索取号:H059-53/H330] | 在馆 | |
| 2 | 896501 | 208965011 | 语言库209/209语言库 68排1列2层/ [索取号:H059-53/H330] | 在馆 |